Ochrana obyvatelstva - Nebezpečné látky : recenzovaný sborník abstraktů XVIII. ročníku mezinárodní konference : 30.-31. leden 2019, Ostrava

Enregistré dans:
Détails bibliographiques
Collectivité auteur: Mezinárodní konference Ostrava (Ochrana obyvatelstva - Nebezpečné látky 2019)
Format: Actes de congrès Livre
Langue:tchèque
Publié: Ostrava : SPBI, 2019
Édition:1. vyd.
Tags: Ajouter un tag
Pas de tags, Soyez le premier à ajouter un tag!

MARC

LEADER 00000nam a22000003a 4500
001 0071455
003 SK-STU
005 20190204104844.3
007 ta
008 190204s ----xo-----e------100-0-----d
020 |a 978-80-7385-209-2 
040 |a STU  |b slo 
041 0 |a cze 
044 |a xr 
111 2 |a Mezinárodní konference  |n XVIII.  |d 30.-31.1.2019 :  |c Ostrava.  |e Ochrana obyvatelstva - Nebezpečné látky 2019 
245 1 0 |a Ochrana obyvatelstva - Nebezpečné látky :  |b recenzovaný sborník abstraktů XVIII. ročníku mezinárodní konference : 30.-31. leden 2019, Ostrava 
250 |a 1. vyd. 
260 |a Ostrava :  |b SPBI,  |c 2019 
300 |a 57 s. 
996 |b 284M088109  |c M* Z-4441  |l MMKN  |s A  |a 24  |w 0071455_0001